000 00726nam a2200253 a 4500
999 _c743
_d743
008 191024s2010 ii a|||g |||| 001 0 eng d
020 _a9788122426175
_cRs. 200.00
040 _aKO
_beng
041 0 _aeng
044 _aii
082 0 4 _223
_a577.14
_bD3401
100 1 _aDe, A. K.
245 1 0 _aEnvironmental Chemistry /
_cA. K. De ; Revised by Arnab Kumar De
250 _a7th ed.
260 _aNew Delhi :
_bNew Age International (P) Limited Publishers,
_c2010
300 _axvii, 366 p. :
_bcol. ill. ;
_c24 cm.
504 _aIncludes index.
650 0 _aEnvironmental geochemistry
_vTextbooks
650 0 _aPollution
_vTextbooks
700 1 _aDe, Arnab Kumar
_eaut
904 _aS_JOY
942 _cBK